[Event "Polugaevsky Memorial 2018"]
[Site "Samara"]
[Date "2018.07.10"]
[Round "1"]
[White "Kovaleva, Ekaterina"]
[Black "Gaifullin, Artur"]
[Result "0-1"]
[WhiteElo "1947"]
[BlackElo "2448"]
[Annotator "NA"]
[PlyCount "105"]
[EventDate "2018.07.10"]
[EventType "swiss"]
[EventCountry "RUS"]
[SourceTitle "playchess.com"]
[Source "ChessBase"]
[SourceQuality "1"]
[TimeControl "40/5400+30:1800+30"]

1. e4 {[%emt 0:00:00]} c6 {[%emt 0:00:00]} 2. d4 {[%emt 0:00:00]} d5 {[%emt 0:00:00]} 3. exd5 {[%emt 0:00:00]} cxd5 {[%emt 0:00:00]} 4. c4 {[%emt 0:00:00]} Nf6 {[%emt 0:00:00]} 5. Nc3 {[%emt 0:00:07]} g6 {[%emt 0:00:00]} 6. c5 {[%emt 0:01:47]} Bg7 {[%emt 0:00:15]} 7. Nf3 {[%emt 0:00:21]} O-O {[%emt 0:00:08]} 8. Be2 {[%emt 0:05:23]} Nc6 {[%emt 0:00:49]} 9. Bf4 {[%emt 0:01:39] LiveBook: 5 Games} Ne4 {[%emt 0:01:50]} 10. O-O {[%emt 0:14:09]} Bg4 {[%emt 0:03:06]} 11. Ng5 {[%emt 0:16:00] D94: Grünfeld: 4 Nf3 Bg7 5 e3} (11. Rc1 Rc8 12. h3 Bxf3 13. Bxf3 Nxd4 14. Nxe4 Nxf3+ 15. Qxf3 dxe4 16. Qxe4 Qd4 17. Qxd4 Bxd4 18. b4 e5 {½-½ (31) Kashlinskaya,A (2444)-Papp,P (2285) Moscow 2015}) 11... Bxe2 {[%emt 0:03:23]} 12. Nxe2 {[%emt 0:00:16]} e5 {[%emt 0:00:56]} 13. Nxe4 {[%emt 0:01:30]} exf4 $146 {[%emt 0:01:07]} ({Predecessor:} 13... dxe4 14. dxe5 Nxe5 15. Qc2 Qd3 16. Rac1 Rfd8 17. Nc3 Qxc2 18. Rxc2 f5 19. Nb5 a6 20. Nd6 Nd3 21. Bd2 Nxc5 22. Nc4 Nd7 23. Nd6 b6 24. Rfc1 Ne5 25. Nb7 Rd7 {0-1 (25) Wanke,R-Voigt,M (2235) Hamburg 1990}) 14. N4c3 {[%emt 0:05:03] [#]} (14. Nd6 $15) 14... f3 $1 {[%emt 0:02:07]} 15. gxf3 {[%emt 0:02:26]} Qh4 {[%emt 0:00:46]} 16. f4 {[%emt 0:02:39]} Qg4+ {[%emt 0:02:19]} 17. Kh1 {[%emt 0:08:12]} Qf3+ {[%emt 0:00:25]} 18. Kg1 {[%emt 0:00:03]} Rad8 {[%emt 0:00:12]} 19. Qd2 {[%emt 0:06:42]} Rfe8 {[%emt 0:00:18]} 20. Rad1 {[%emt 0:01:17]} Qg4+ {[%emt 0:04:01]} 21. Kh1 {[%emt 0:00:18]} h5 {[%emt 0:04:34]} ({Black should play} 21... b6 $11 22. cxb6 axb6) 22. Qd3 {[%emt 0:06:09]} (22. Rg1 $5 {[%cal Rg1g4]} Qf3+ 23. Rg2 $11) 22... Nb4 {[%emt 0:02:59]} 23. Qg3 {[%emt 0:02:51]} Nxa2 {[%emt 0:01:05]} 24. Qxg4 {[%emt 0:08:11]} hxg4 {[%emt 0:00:02]} 25. f3 {[%emt 0:01:19]} gxf3 {[%emt 0:04:45]} 26. Rxf3 $11 {[%emt 0:00:05]} f5 {[%emt 0:00:11]} 27. Rd2 {[%emt 0:14:12]} Nb4 {[%emt 0:04:01]} 28. Kg2 {[%emt 0:01:29]} a6 {[%emt 0:02:12]} 29. Kf2 {[%emt 0:01:41]} Nc6 {[%emt 0:00:06]} 30. Re3 {[%emt 0:00:35]} Rxe3 {[%emt 0:00:40]} 31. Kxe3 {[%emt 0:00:02]} Kf7 {[%emt 0:00:06]} 32. Kf3 {[%emt 0:01:01]} Bf6 {[%emt 0:01:35]} 33. Nd1 {[%emt 0:00:27]} Rh8 {[%emt 0:01:56]} 34. Kg2 {[%emt 0:00:30]} Re8 {[%emt 0:00:09]} 35. Kf3 {[%emt 0:00:31]} Rh8 {[%emt 0:15:39]} 36. Kg2 {[%emt 0:00:16]} Ke6 {[%emt 0:00:03]} 37. Ndc3 {[%emt 0:00:45]} Nb4 {[%emt 0:02:32]} 38. Ng1 {[%emt 0:00:32]} Rh4 {[%emt 0:04:28]} 39. Nce2 {[%emt 0:00:08]} g5 {[%emt 0:00:26]} 40. fxg5 {[%emt 0:00:00]} Bxg5 {[%emt 0:00:00]} 41. Rd1 {[%emt 0:01:23]} Nc2 {[%emt 0:02:40]} 42. Kh1 Re4 {[%emt 0:08:41]} 43. Nf3 {[%emt 0:11:19]} Rxe2 {[%emt 0:02:48]} 44. Nxg5+ {[%emt 0:00:03]} Kf6 {[%emt 0:00:07]} 45. Nf3 {[%emt 0:03:17]} f4 {[%emt 0:00:32]} 46. Kg1 {[%emt 0:13:04]} Kf5 {[%emt 0:00:28]} 47. Kf1 {[%emt 0:00:54]} Re3 {[%emt 0:00:11]} 48. Kf2 {[%emt 0:00:34]} Rb3 {[%emt 0:00:44]} 49. Rd2 {[%emt 0:00:42]} Rxb2 {[%emt 0:00:06]} 50. Re2 {[%emt 0:04:23]} Ne3 {[%emt 0:00:53]} 51. Nd2 {[%emt 0:00:40]} a5 {[%emt 0:00:31]} 52. Kf3 {[%emt 0:00:31]} a4 {[%emt 0:00:13]} 53. Nb1 {[%emt 0:00:32] Ke5} 0-1

[Event "Polugaevsky Memorial 2018"]
[Site "Samara"]
[Date "2018.07.12"]
[Round "3"]
[White "Shaposhnikov, Evgeny"]
[Black "Shinkevich, Vitaly"]
[Result "1-0"]
[WhiteElo "2572"]
[BlackElo "2432"]
[Annotator "TA"]
[PlyCount "139"]
[EventDate "2018.07.10"]
[EventType "swiss"]
[EventCountry "RUS"]
[SourceTitle "playchess.com"]
[Source "ChessBase"]
[SourceQuality "1"]

{[%evp 16,139,61,81,108,41,47,43,39,43,29,40,31,34,33,41,66,60,61,72,72,37,52,50,56,29,45,35,28,18,20,18,26,26,26,25,25,32,63,0,29,25,32,29,31,27,29,0,38,12,36,30,49,19,67,72,118,104,98,93,195,160,198,174,199,184,276,243,377,379,371,361,419,418,416,417,407,394,395,314,457,376,356,277,229,198,199,192,185,178,171,168,156,99,193,217,277,276,276,273,270,264,252,232,184,37,37,37,37,37,99,108,94,99,168,0,21,0,117,8,29970,29971,29968,29971,29973,29974]} 1. Nf3 d5 2. d4 Nf6 3. c4 dxc4 4. e3 g6 5. Bxc4 Bg7 6. O-O O-O 7. Nc3 c5 8. dxc5 Qa5 {D94: Grünfeld: 4 Nf3 Bg7 5 e3} 9. Nb5 {LiveBook: 4 Games} (9. Qe2 Qxc5 10. b3 Bg4 11. Bb2 {½-½ (11) Teske,H (2550)-Epishin,V (2561) Bad Zwischenahn 2012}) 9... Qb4 10. Qd4 $146 (10. b3 $1 $16) ({Predecessor:} 10. b3 Nc6 11. Ba3 Qa5 12. Qe1 a6 13. Qxa5 Nxa5 14. Nbd4 Nxc4 15. bxc4 Re8 16. Rab1 {½-½ (39) Jakovljevic,V (2383)-Boric,M (2377) Sarajevo 2017}) 10... Nc6 $14 {White is slightly better.} 11. a3 $1 {[%cal Ra3b4]} Nxd4 12. axb4 Nxb5 $1 13. Bxb5 Nd5 $1 14. Ra4 a6 15. e4 Nxb4 16. Rxb4 axb5 17. Rxb5 Rd8 18. Be3 Ra2 19. e5 Ra6 20. b4 Kf8 21. Rc1 Ke8 22. h3 Rd5 23. Bf4 h6 24. h4 Kd7 25. Kh2 Kd8 26. Kg3 Kd7 27. Kh2 Kd8 28. Rc4 Kd7 29. Bg3 Kd8 30. Rf4 Ke8 31. Re4 Kd8 32. Nd4 g5 33. Nf3 g4 34. Rd4 $36 {[%mdl 2048] White has some pressure.} Rxd4 35. Nxd4 Kd7 36. h5 e6 37. Bf4 Kc7 (37... f5 $16) 38. Kg3 Bd7 39. Ra5 $1 (39. Kxg4 Bxb5 40. Nxb5+ Kc6 $11) 39... Rxa5 40. bxa5 $18 {[%mdl 4096] Endgame KBB-KBN} Bf8 (40... Ba4 $142 41. Kxg4 Bf8) 41. Nc2 (41. Kxg4 Bxc5 42. Be3 Kd8 $16) 41... Kc6 (41... Bxc5 {was called for.} 42. Bxh6 Bc6) 42. Ne3 Kxc5 43. Nxg4 Bb5 44. Bxh6 Be7 45. f3 Bd3 46. Nf2 Bh7 47. Ne4+ Kd4 (47... Kc6 {keeps fighting.} 48. Bd2 Bf8) 48. Bg5 Bb4 49. Nf6 Bf5 50. h6 Bxa5 51. h7 Be1+ 52. Kh2 Bxh7 53. Nxh7 b5 54. Be7 (54. Nf6 $142) 54... Kxe5 (54... b4 $16) 55. Kg1 $1 Ba5 56. Kf2 b4 57. Ke3 b3 58. Bf6+ Kf5 59. Bb2 Bb6+ {[#]} 60. Ke2 ({White should play} 60. Kd2 $1 $18) 60... e5 $1 $14 61. g4+ Kf4 $1 62. Bc1+ Kg3 63. Ng5 Bd4 {[#]} 64. Ne4+ $1 ({But not} 64. Nxf7 $6 e4 $11) 64... Kg2 (64... Kh2 $16) 65. Ng5 (65. Bh6 $18) 65... Kg3 $11 ({Inferior is} 65... f6 66. Ne4 $16) 66. Ne4+ (66. Ba3 $11) 66... Kg2 $16 67. Nd6 (67. Ba3 $16) 67... Kg3 $2 {[%mdl 8192]} (67... b2 $11 68. Bxb2 Bxb2) 68. Nf5+ {White mates.} Kg2 69. Nxd4 exd4 70. Bb2 {Precision: White = 54%, Black = 61%.} 1-0

[Event "Polugaevsky Memorial 2018"]
[Site "Samara"]
[Date "2018.07.12"]
[Round "3"]
[White "Gabrielian, Artur"]
[Black "Tsybikov, Tumen"]
[Result "0-1"]
[WhiteElo "2518"]
[BlackElo "2240"]
[Annotator "TA"]
[PlyCount "118"]
[EventDate "2018.07.10"]
[EventType "swiss"]
[EventCountry "RUS"]
[SourceTitle "playchess.com"]
[Source "ChessBase"]
[SourceQuality "1"]

{[%evp 14,118,0,0,3,-21,0,0,5,4,0,0,69,78,81,75,73,10,0,-16,-13,-20,-23,-24,-13,-35,0,0,0,-4,-16,-25,-25,-25,29,0,10,1,26,0,7,-23,44,4,20,0,50,50,164,139,236,146,122,76,102,35,39,0,0,-12,0,0,167,172,223,-514,-514,-1092,-1094,-991,-956,-29989,-29990,-29990,-29978,-6008,-391,-370,-362,-345,-345,-333,-333,-475,-475,-819,-819,-606,-775,-29973,-29974,-29974,-29975,-29975,-29976,-29975,-29975,-29975,-29975,-29979,-29980,-29979,-29980,-29980,-29976,-29979,-29980]} 1. e4 c5 2. Nc3 d6 3. d4 cxd4 4. Qxd4 Nf6 (4... Nc6 5. Qd2 g6 6. b3 Bg7 7. Bb2 Nf6 8. O-O-O O-O 9. Kb1 Qa5 10. Nge2 e5 11. f3 {½-½ (41) Nakamura,H (2769)-Vachier Lagrave,M (2789) Stavanger 2018}) 5. b3 Nc6 6. Qd2 {B23: Closed Sicilian: Lines without g3} e6 7. Bb2 Be7 8. O-O-O {LiveBook: 3 Games. The position is equal.} O-O 9. Kb1 a6 $146 ({Predecessor:} 9... Qa5 10. f3 a6 11. Nge2 {1-0 (22) Wolf,V (2323)-Beltz,M (1944) Dresden 2018}) 10. f3 b5 11. g4 Nd7 12. Nge2 Nb6 (12... Bb7 $11) 13. Ng3 $14 b4 14. Nce2 $1 a5 15. Nd4 (15. Nh5 $16 f6 16. Nd4) 15... Nxd4 $11 16. Qxd4 {[%csl Gb2][%cal Rd4g7]} (16. Bxd4 {looks sharper.} Qc7 17. h4 Rd8 18. Bd3 Bb7 19. Bxg7 Kxg7 20. Nh5+) 16... e5 17. Qd2 Qc7 18. Nf5 Bxf5 19. gxf5 Rfd8 20. Rg1 Bf6 21. Bd3 d5 22. Qe1 d4 23. Rg2 Rdb8 (23... Qa7 $142) 24. Qg3 Qe7 25. f4 Kh8 26. fxe5 Bxe5 27. Qf2 Qf6 (27... Rd8 $11) 28. Rdg1 $36 {[%mdl 2048] White is more active.} Rg8 29. Rg4 Ra7 30. Bc1 Qd6 (30... Nd7 $14) 31. Rh4 $1 $18 {[%cal Rh4h7]} Rga8 (31... Re8 $16) 32. Qf3 Nd7 33. Bc4 Nf8 34. Qh3 (34. Qg2 $16) 34... a4 $14 35. Rg2 Rc7 36. Rhg4 axb3 37. Bxb3 Rc3 $2 (37... Nd7 $11 38. Rg1 (38. Bxf7 b3 $16) 38... Qc5) 38. Qh6 $1 $18 Ng6 {[#]} (38... Qxh6 $142 39. Bxh6 g6 40. Bxf7 d3 41. cxd3 (41. fxg6 Nxg6 42. cxd3 Rxd3 $16) 41... Rxd3) 39. Qh5 $4 {[%mdl 8192] [#]} (39. fxg6 $1 $18 {[%csl Gg6][%cal Rh6h7][%mdl 512]} Rxb3+ 40. cxb3 (40. axb3 gxh6 41. gxf7 Qf8 $14) 40... gxh6 41. gxf7) 39... d3 $1 $19 {[%cal Rd3c2] ( -> ...dxc2+)} 40. fxg6 (40. R4g3 $142 dxc2+ 41. Rxc2 Rxc2 42. fxg6 Rxc1+ 43. Kxc1) 40... dxc2+ 41. Bxc2 fxg6 42. Rxg6 {[#]} b3 $1 {[%mdl 512]} 43. Bb2 (43. axb3 Rxb3+) 43... bxc2+ 44. Rxc2 Qd3 $2 (44... Rxc2 45. Rxd6 Rxb2+ 46. Kc1 Rc8+ 47. Kd1 Bxd6) 45. Qe2 Qxe2 (45... hxg6 $2 46. Qxd3 Rxd3 47. Bxe5 $19) 46. Rxe2 {aiming for Re6.} hxg6 47. Bxc3 Bxc3 {[%mdl 4096] Endgame KRB-KR} 48. Re3 (48. e5 {is a better defense.}) 48... Be5 49. a3 (49. h3 $142) 49... Rb8+ 50. Kc2 Rb2+ 51. Kd3 Rb3+ {Black mates.} 52. Ke2 Rxe3+ 53. Kxe3 Bxh2 {KB-KPP} 54. a4 Bc7 55. Kd4 Kg8 56. Kd5 Kf7 57. Kc6 Ba5 58. Kd6 Bb4+ 59. Kd5 g5 {Precision: White = 40%, Black = 49%.} 0-1

[Event "Polugaevsky Memorial 2018"]
[Site "Samara"]
[Date "2018.07.12"]
[Round "3"]
[White "Matinian, Nikita"]
[Black "Kotlyar, Kirill"]
[Result "1-0"]
[WhiteElo "2510"]
[BlackElo "2407"]
[Annotator "RC"]
[PlyCount "41"]
[EventDate "2018.07.10"]
[EventType "swiss"]
[EventCountry "RUS"]
[SourceTitle "playchess.com"]
[Source "ChessBase"]
[SourceQuality "1"]
[TimeControl "40/5400+30:1800+30"]

1. e4 {[%emt 0:00:00]} c6 {[%emt 0:00:00]} 2. d4 {[%emt 0:00:00]} d5 {[%emt 0:00:11]} 3. e5 {[%emt 0:00:00]} Bf5 {[%emt 0:00:32]} 4. Nd2 {[%emt 0:00:02]} h6 {[%emt 0:01:38]} 5. Nb3 {[%emt 0:00:18]} e6 {[%emt 0:00:58]} 6. Nf3 {[%emt 0:00:04]} Nd7 {[%emt 0:01:15]} 7. Be2 {[%emt 0:00:49]} Ne7 {[%emt 0:01:48]} 8. O-O {[%emt 0:00:09]} g5 {[%emt 0:03:44]} 9. Ne1 {[%emt 0:03:20]} Qc7 {[%emt 0:03:31]} 10. Nd3 {[%emt 0:01:01]} Bg7 {[%emt 0:04:32]} 11. a4 {[%emt 0:04:50]} a6 {[%emt 0:24:23]} 12. f4 {[%emt 0:03:12]} Bxd3 {[%emt 0:12:57]} 13. Qxd3 {[%emt 0:02:11]} c5 {[%emt 0:01:46]} 14. Bh5 {[%emt 0:07:07]} cxd4 {[%emt 0:08:05]} 15. Nxd4 {[%emt 0:01:45]} gxf4 {[%emt 0:05:32]} 16. Bxf4 {[%emt 0:00:38]} Rf8 {[%emt 0:00:39]} 17. Qh7 {[%emt 0:02:15]} Bh8 {[%emt 0:05:22]} 18. Bxh6 {[%emt 0:01:57]} O-O-O {[%emt 0:00:25]} 19. Bxf8 {[%emt 0:00:23]} Rxf8 {[%emt 0:00:04]} 20. Rxf7 {[%emt 0:00:35]} Rxf7 {[%emt 0:00:11]} 21. Qxf7 {[%emt 0:01:05]} 1-0

[Event "Polugaevsky Memorial 2018"]
[Site "Samara"]
[Date "2018.07.12"]
[Round "3"]
[White "Drygalov, Andrey"]
[Black "Gitelson, Arkady"]
[Result "1/2-1/2"]
[WhiteElo "2439"]
[BlackElo "2099"]
[Annotator "TA"]
[PlyCount "92"]
[EventDate "2018.07.10"]
[EventType "swiss"]
[EventCountry "RUS"]
[SourceTitle "playchess.com"]
[Source "ChessBase"]
[SourceQuality "1"]

{[%evp 15,92,22,27,9,16,-3,10,4,29,7,30,4,10,8,33,35,45,46,45,45,67,72,74,57,68,62,147,97,132,49,51,48,45,37,142,46,52,44,42,38,31,28,43,45,48,43,45,42,37,35,70,8,10,0,0,0,0,0,9,0,0,0,4,0,8,0,2,0,8,2,17,11,13,5,11,0,17,0,20]} 1. e4 e5 2. Bc4 d6 3. d3 Nf6 4. Nf3 Be7 5. O-O c6 6. Bb3 Nbd7 {C24: Bishop's Opening: 2...Nf6} (6... O-O 7. Nbd2 Nbd7 8. c3 Nc5 9. Bc2 Bg4 10. Nc4 Bh5 11. Ne3 d5 12. Nf5 Re8 13. Qe2 Bf8 14. h3 Qc7 {½-½ (35) Svidler,P (2751)-Bu,X (2710) Tbilisi 2017}) 7. c3 Nc5 8. Bc2 Bg4 {LiveBook: 4 Games} 9. Be3 $146 ({Predecessor:} 9. Nbd2 Ne6 10. Nc4 Bh5 11. Ne3 g6 12. Re1 Ng5 13. Nf1 Bxf3 14. gxf3 {0-1 (69) Petrov,M (2490)-Gelashvili,T (2612) Kavala 2008}) 9... Ne6 10. d4 Qc7 11. Nbd2 h6 12. Qb1 O-O 13. Re1 Rfe8 14. a4 Nf8 15. h3 Be6 16. Nf1 Ng6 17. Ng3 Nf4 18. Qc1 N6h5 19. Qd2 Bf8 20. a5 g5 (20... b6 $14) 21. Nh2 Bg7 {[#]} 22. Nf5 (22. h4 $1 $16 {[%mdl 512]}) 22... Bxf5 $14 23. exf5 Nd5 24. dxe5 Nxe3 (24... Rxe5 $14 25. Ng4 Nxe3 26. Rxe3 Rxe3 27. Qxe3 (27. Nxe3 Re8 $11) 27... Nf6) 25. Rxe3 (25. exd6 $16 Red8 26. Qxe3 (26. dxc7 Rxd2 27. Rxe3 Rc8 $16) 26... Rxd6 {[#]} 27. h4 $1 {[%mdl 512]}) 25... dxe5 26. Ng4 Nf6 27. Nxf6+ Bxf6 28. a6 b6 29. Be4 Rad8 30. Rd3 Rxd3 31. Qxd3 Rd8 32. Qf3 Rd6 33. c4 ({Better is} 33. Rd1 $14) 33... Rd4 {The position is equal.} 34. Rc1 Qc8 35. b3 Qxa6 36. Bxc6 Qa3 37. Rf1 Qe7 38. Be4 Qd7 39. g3 Qe7 40. Kg2 Kg7 41. Re1 Qc5 42. Bd5 Rd2 43. Re3 b5 44. Qh5 Qe7 45. Qf3 Qc5 46. Qh5 Qe7 {Precision: White = 40%, Black = 45%.} 1/2-1/2

[Event "Polugaevsky Memorial 2018"]
[Site "Samara"]
[Date "2018.07.12"]
[Round "3"]
[White "Kopylov, Alexander A"]
[Black "Fedorov, Alexey A"]
[Result "1/2-1/2"]
[WhiteElo "2431"]
[BlackElo "1399"]
[Annotator "NA"]
[PlyCount "107"]
[EventDate "2018.07.10"]
[EventType "swiss"]
[EventCountry "RUS"]
[SourceTitle "playchess.com"]
[Source "ChessBase"]
[SourceQuality "1"]
[TimeControl "40/5400+30:1800+30"]

1. d4 {[%emt 0:10:25]} Nf6 {[%emt 0:00:00]} 2. c4 {[%emt 0:00:08]} g6 {[%emt 0:00:30]} 3. Nc3 {[%emt 0:00:12]} Bg7 {[%emt 0:00:22]} 4. e4 {[%emt 0:00:11]} d6 {[%emt 0:00:11]} 5. Bd3 {[%emt 0:00:26]} c5 {[%emt 0:08:46]} 6. d5 {[%emt 0:04:41]} e6 {[%emt 0:00:44]} 7. h3 {[%emt 0:25:36]} O-O {[%emt 0:00:14]} 8. Nge2 {[%emt 0:05:23]} exd5 {[%emt 0:11:16]} 9. exd5 {[%emt 0:00:07]} Nfd7 {[%emt 0:01:26]} 10. f4 {[%emt 0:04:06] LiveBook: 23 Games} Re8 {[%emt 0:03:16]} 11. O-O {[%emt 0:01:57]} f5 {[%emt 0:00:43]} 12. Bd2 {[%emt 0:03:44]} Na6 {[%emt 0:04:43]} 13. a3 {[%emt 0:20:11]} Nc7 {[%emt 0:06:33]} 14. Qc2 {[%emt 0:04:25]} a6 {[%emt 0:04:07]} 15. a4 {[%emt 0:00:50]} b6 $11 {[%emt 0:03:15]} 16. Rae1 {[%emt 0:08:46]} Nf6 {[%emt 0:04:57]} 17. Ng3 {[%emt 0:00:47]} Bd7 {[%emt 0:04:37]} 18. Rxe8+ {[%emt 0:01:33]} Nfxe8 {[%emt 0:11:09]} 19. Nge2 {[%emt 0:00:16]} Rb8 {[%emt 0:05:13]} 20. b3 {[%emt 0:00:10]} b5 {[%emt 0:00:40]} 21. Rf3 {[%emt 0:04:00]} Qc8 {[%emt 0:10:22]} 22. Rf1 {[%emt 0:00:31]} Nf6 {[%emt 0:01:34]} 23. Ng3 {[%emt 0:00:19]} Qb7 {[%emt 0:09:40]} 24. Rb1 {[%emt 0:00:20]} Re8 {[%emt 0:02:31]} 25. Re1 {[%emt 0:00:09]} Qb8 {[%emt 0:01:28]} 26. Kf1 {[%emt 0:00:05]} Rxe1+ {[%emt 0:01:06]} 27. Bxe1 {[%emt 0:00:21]} Kf8 {[%emt 0:01:58]} 28. Qa2 {[%emt 0:02:09]} b4 {[%emt 0:00:50]} 29. Nd1 {[%emt 0:00:21]} a5 {[%emt 0:00:59]} 30. Qc2 {[%emt 0:00:20]} Qe8 {[%emt 0:00:49]} 31. Qe2 {[%emt 0:00:07]} Qxe2+ {[%emt 0:00:08]} 32. Kxe2 {[%emt 0:00:52]} Na8 {[%emt 0:00:05]} 33. Bc2 {[%emt 0:00:44]} Nb6 {[%emt 0:00:10]} 34. Ne3 {[%emt 0:00:26]} Ne8 {[%emt 0:00:14]} 35. Ngf1 {[%emt 0:00:40]} Nc7 {[%emt 0:00:50]} 36. Bh4 {[%emt 0:00:50]} Ke8 {[%emt 0:01:33]} 37. g4 {[%emt 0:00:17]} fxg4 {[%emt 0:00:29]} 38. hxg4 {[%emt 0:00:03]} Nca8 {[%emt 0:00:18]} 39. Nd2 {[%emt 0:02:21]} Bd4 {[%emt 0:00:27]} 40. Ne4 {[%emt 0:00:00]} Nc8 {[%emt 0:00:00]} 41. f5 {[%emt 0:07:19]} Nab6 {[%emt 0:04:00]} 42. Nf6+ {[%emt 0:05:05]} Bxf6 {[%emt 0:00:46]} 43. Bxf6 {[%emt 0:00:02]} Ne7 {[%emt 0:00:58]} 44. Kf3 {[%emt 0:05:13]} gxf5 {[%emt 0:06:05]} 45. gxf5 {[%emt 0:00:25]} Ng8 {[%emt 0:01:51]} 46. Bh4 {[%emt 0:00:51]} Nc8 {[%emt 0:01:04]} 47. Kf4 {[%emt 0:12:09]} Nce7 {[%emt 0:00:33]} 48. Nf1 {[%emt 0:00:25]} Nh6 {[%emt 0:01:41]} 49. Ng3 {[%emt 0:00:16]} Kf8 {[%emt 0:03:14]} 50. Bg5 {[%emt 0:02:57]} Nf7 {[%emt 0:00:14]} 51. Bf6 {[%emt 0:00:14]} Nh6 {[%emt 0:02:11]} 52. Bg5 {[%emt 0:00:03]} Nf7 {[%emt 0:00:04]} 53. Bf6 {[%emt 0:01:35]} Nh6 {[%emt 0:00:11]} 54. Bg5 {[%emt 0:00:47]} 1/2-1/2

[Event "Polugaevsky Memorial 2018"]
[Site "Samara"]
[Date "2018.07.12"]
[Round "3"]
[White "Lugovskoy, Maxim"]
[Black "Frolyanov, Dmitry"]
[Result "1/2-1/2"]
[WhiteElo "2391"]
[BlackElo "2540"]
[Annotator "RC"]
[PlyCount "109"]
[EventDate "2018.07.10"]
[EventType "swiss"]
[EventCountry "RUS"]
[SourceTitle "playchess.com"]
[Source "ChessBase"]
[SourceQuality "1"]
[TimeControl "40/5400+30:1800+30"]

1. e4 {[%emt 0:00:00]} c5 {[%emt 0:00:00]} 2. c3 {[%emt 0:00:00]} Nf6 {[%emt 0:00:00]} 3. e5 {[%emt 0:00:00]} Nd5 {[%emt 0:00:00]} 4. d4 {[%emt 0:00:00]} cxd4 {[%emt 0:00:02]} 5. cxd4 {[%emt 0:00:00]} d6 {[%emt 0:01:24]} 6. Nf3 {[%emt 0:00:01]} Nc6 {[%emt 0:01:09]} 7. Bc4 {[%emt 0:00:04]} Nb6 {[%emt 0:00:25]} 8. Bb3 {[%emt 0:00:06]} dxe5 {[%emt 0:00:14]} 9. d5 {[%emt 0:00:07]} Na5 {[%emt 0:00:38]} 10. Nc3 {[%emt 0:00:05]} f6 {[%emt 0:00:15]} 11. Be3 {[%emt 0:00:04]} Bd7 {[%emt 0:00:20]} 12. Bc2 {[%emt 0:05:40]} g6 {[%emt 0:02:06]} 13. h4 {[%emt 0:00:47]} Bg4 {[%emt 0:08:46]} 14. Qb1 {[%emt 0:07:01]} Bxf3 {[%emt 0:11:28]} 15. gxf3 {[%emt 0:00:56]} f5 {[%emt 0:00:53]} 16. h5 {[%emt 0:02:07]} Bg7 {[%emt 0:01:01]} 17. hxg6 {[%emt 0:05:06]} hxg6 {[%emt 0:00:05]} 18. Rxh8+ {[%emt 0:00:01]} Bxh8 {[%emt 0:00:06]} 19. Bxf5 {[%emt 0:00:24]} gxf5 {[%emt 0:00:09]} 20. Qxf5 {[%emt 0:00:04]} Bf6 {[%emt 0:04:41]} 21. O-O-O {[%emt 0:04:55]} Qc8 {[%emt 0:05:48]} 22. Qg6+ {[%emt 0:00:56]} Kd7 {[%emt 0:00:15]} 23. d6 {[%emt 0:01:46]} Qc4 {[%emt 0:08:50]} 24. Qf5+ {[%emt 0:29:07]} Ke8 {[%emt 0:00:49]} 25. Kb1 {[%emt 0:03:31]} Nc6 {[%emt 0:06:09]} 26. Ne4 {[%emt 0:05:51]} Nb4 {[%emt 0:04:49]} 27. Qh5+ {[%emt 0:00:51]} Qf7 {[%emt 0:02:22]} 28. dxe7 {[%emt 0:00:31]} Qxh5 {[%emt 0:03:29]} 29. Nxf6+ {[%emt 0:00:05]} Kxe7 {[%emt 0:00:04]} 30. Nxh5 {[%emt 0:00:03]} N4d5 {[%emt 0:00:32]} 31. Bc5+ {[%emt 0:02:27]} Ke6 {[%emt 0:00:31]} 32. Ng3 {[%emt 0:00:04]} Nd7 {[%emt 0:05:30]} 33. Ne4 {[%emt 0:04:15]} b6 {[%emt 0:00:23]} 34. Ba3 {[%emt 0:03:31]} N7f6 {[%emt 0:00:18]} 35. Re1 {[%emt 0:02:26]} Rg8 {[%emt 0:01:45]} 36. b3 {[%emt 0:05:44]} Rg2 {[%emt 0:02:57]} 37. Nxf6 {[%emt 0:05:38]} Kxf6 {[%emt 0:00:25]} 38. Bb2 {[%emt 0:00:06]} Rxf2 {[%emt 0:03:50]} 39. f4 {[%emt 0:01:37]} Nxf4 {[%emt 0:00:33]} 40. Bxe5+ {[%emt 0:00:00]} Kf7 {[%emt 0:00:00]} 41. Bxf4 {[%emt 0:01:10]} Rxf4 {[%emt 0:00:11]} 42. Kb2 {[%emt 0:00:25]} a5 {[%emt 0:06:07]} 43. Kc3 {[%emt 0:01:34]} Rf2 {[%emt 0:03:58]} 44. a3 {[%emt 0:08:55]} b5 {[%emt 0:03:27]} 45. Re5 {[%emt 0:00:55]} Rf3+ {[%emt 0:00:12]} 46. Kb2 {[%emt 0:01:00]} Rf2+ {[%emt 0:00:07]} 47. Kb1 {[%emt 0:00:46]} Rf1+ {[%emt 0:00:20]} 48. Kc2 {[%emt 0:00:10]} Rf2+ {[%emt 0:00:07]} 49. Kc1 {[%emt 0:00:10]} Rf1+ {[%emt 0:00:50]} 50. Kd2 {[%emt 0:00:11]} Ra1 {[%emt 0:01:57]} 51. Rxb5 {[%emt 0:00:10]} Rxa3 {[%emt 0:00:07]} 52. Kc2 {[%emt 0:00:16]} a4 {[%emt 0:00:15]} 53. Kb2 {[%emt 0:00:04]} Rxb3+ {[%emt 0:00:05]} 54. Rxb3 {[%emt 0:00:03]} axb3 {[%emt 0:00:06]} 55. Kxb3 {[%emt 0:00:02]} 1/2-1/2